Statistics for Countries of Oceania 30 Second Sprint

Click here to take the quiz!

General Stats

  • This quiz has been taken 14 times
  • The average score is 11 of 14

Answer Stats

Country% Correct
Australia
90%
Fiji
90%
Palau
90%
Solomon Islands
90%
Federated States of Micronesia
80%
Kiribati
80%
Nauru
80%
New Zealand
80%
Samoa
80%
Tonga
80%
Tuvalu
80%
Marshall Islands
70%
Vanuatu
70%
Papua New Guinea
60%

Score Distribution

Percentile by Number Answered

Percent of People with Each Score

Your Score History

You have not taken this quiz